000 00630nam a2200181Ia 4500
008 090124s9999 xx 000 0 und d
082 _b126692
100 _aमाळवदे रमण
245 _a शिवण्यापासून लिवण्यापर्यंत
250 _a1
260 _c1995
300 _a107
600 _aमाळवदे रमण
630 _a शिवण्यापासून लिवण्यापर्यंत
700 _aमाळवदे रमण
730 _a शिवण्यापासून लिवण्यापर्यंत
942 _cBOOK
999 _c172782
_d172782